000
00250nam a2200109Ia 4500
008
190906s9999||||xx |||||||||||||| ||und||
100
_a
Gerald W. Stone
245
0
_a
Economics
260
_a
New York
_b
Famous Books
_c
1995
300
_a
872
942
_c
BK
999
_c
6052
_d
6052